Govt. of
Madhya Pradesh

Great women Saints Of Modern India (Record no. 16568)

MARC details
000 -LEADER
fixed length control field 003630000a22001570004500
001 - CONTROL NUMBER
control field 004681
003 - CONTROL NUMBER IDENTIFIER
control field MACL
040 ## - CATALOGING SOURCE
Original cataloging agency MACL
090 ## - LOCALLY ASSIGNED LC-TYPE CALL NUMBER (OCLC); LOCAL CALL NUMBER (RLIN)
-- 16674
-- 16673
100 ## - MAIN ENTRY--PERSONAL NAME
Personal name Singh, V.K.
245 ## - TITLE STATEMENT
Title Great women Saints Of Modern India
Statement of responsibility, etc. V.K. Singh
260 ## - PUBLICATION, DISTRIBUTION, ETC. (IMPRINT)
Place of publication, distribution, etc. Vista International Publishing,
Date of publication, distribution, etc. 2006
350 ## - PRICE (NR) (BK AM CF MU VM SE) [OBSOLETE]
Price 600
650 ## - SUBJECT ADDED ENTRY--TOPICAL TERM
Topical term or geographic name as entry element Social Science
942 ## - ADDED ENTRY ELEMENTS (KOHA)
Call number prefix 305
Koha item type Library Membar
Holdings
Withdrawn status Lost status Source of classification or shelving scheme Damaged status Not for loan Home library Current library Date acquired Cost, normal purchase price Total Checkouts Full call number Barcode Date last seen Uniform Resource Identifier Price effective from Koha item type
          MACL MACL 15/04/2015 600.00   305.4/SIN CRE020986 02/05/2024 16476 15/04/2015 Books